Регионална библиотека "Любен Каравелов" - Русе

Вещицата (Запис номер 330906)

MARC детайли
000 -Лидер
Контролно поле с фиксирана дължина 01118nam a2200277 a 4500
003 - Код на организацията, давaща контролен номер
Контролно поле BLK
005 - Дата и час на последна редакция
Контролно поле 20250625090606.0
008 - Елементи от данни с фиксирана дължина
fixed length control field 190508b bu |||||r|||| 00| 0 bu d
020 ## - Международен стандартен номер на книга ISBN
Международен стандартен номер на книга ISBN 9786190202240
040 ## - Източник на каталожния запис
Идентификатор на билиотеката - собственик на записа BLK
041 ## - Код за език
Код за езика на текст/звукозапис или на отделно заглавие Български
Код за езика КДБФ Български
080 ## - УДК
Текстов определител УДК Шведска литература
УДК код - определител по УДК 821.113.6
УДК определител -312.4
УДК - код + определител 821.113.6-312.4
100 ## - Редна дума - Автор
Автор Лекберг, Камила
Авторска отговорност първи автор
R(LIN) 1299
139 ## - Редно поле
Редна дума Лекберг, Камила
Авторски знак Лек - Л 41
245 ## - Сведения за заглавието
Заглавие Вещицата
Редно поле (дума) Камила Лекберг ; прев. от швед. Любомир Гиздов.
260 ## - Област на издателските данни
9 (RLIN) 209486
Място на издаване, разпространение и проч. София
Име на издателя, разпространителя и проч. Колибри
Година на издаване 2018
Печатница София: Инвестпрес
300 ## - Физическа характеристика
Страници 646 с.
Размери/Мащаб 20 см
380 ## - Жанр
Жанр Худож. лит.
490 ## - СЕРИИ (Колекции)
Име на серия Съвременни трилъри
500 ## - Общи забележки
Забележка Ориг. загл.: Haxan / Camilla Läckberg. - Биогр. данни за авт. отбелязани на гърба на кор.
700 ## - Други автори (авторска отговорност)
Лично име Гиздов, Любомир Емилов
9 (RLIN) 455395
852 ## - Местоположение
Форматна сигнатура Цб 294643
999 ## - СИСТЕМНИ КОНТРОЛНИ НОМЕРА
Koha biblionumber 330906
Koha biblioitemnumber 330906
942 ## - АРТИКУЛИ
Вид на библиотечния материал Книги
Скрит в OPAC Не
Koha issues (borrowed), all copies 57
Периодичен библиозапис Да
944 ## - СЪЗДАВАНЕ И РЕДАКЦИЯ на ЗАПИСА
Създаване/Редакция Създаване
Дата на регистрацията/редакция 2019-05-08
Служител, извършил регистрацията/редакцията 30552
Статус, дата на статуса Виолета Тройчева
999 ## - СИСТЕМНИ КОНТРОЛНИ НОМЕРА
Koha biblioitemnumber 330906
Наличности
Код за отписване Код за изгубен артикул Източник на класификационната схема Код за повреда Коз за рестрикции Код за отдаване Артикулен № Име на библиотеката - собственик Име на библиотеката, в която се намира в момента Статус (Текущо местоположение) Дата на вписване в системата Местоположение - отдел Цена в лева Систематично азбучна сигнатура Баркод Цена в евро Служебен тип на артикула
  Не е изгубен Universal Decimal Classification Не е повреден без рестрикции ползва се в читалня 706253 Регионална библиотека "Любен Каравелов" Русе Регионална библиотека "Любен Каравелов" Русе Хранилище 2019-05-10 Хранилище 22.00 Цб 294643 120000831649 11.25 Книги
  Не е изгубен Universal Decimal Classification Не е повреден без рестрикции заемане за дома 731704 Регионална библиотека "Любен Каравелов" Русе Регионална библиотека "Любен Каравелов" Русе Заемна - подръчен фонд 2019-08-06 Заемна - подръчен фонд 16.50 821-31/Л 41 К 120000835459 8.44 Книги
  Не е изгубен Universal Decimal Classification Не е повреден без рестрикции заемане за дома 731705 Регионална библиотека "Любен Каравелов" Русе Регионална библиотека "Любен Каравелов" Русе Заемна - подръчен фонд 2019-08-06 Заемна - подръчен фонд 16.50 821-31/Л 41 К 120000835460 8.44 Книги
Vip Innovations Ltd, Rousse, Bulgaria 2025